| 000 | 01103nam a22002537a 4500 | ||
|---|---|---|---|
| 999 |
_c63304 _d63304 |
||
| 005 | 20250731131422.0 | ||
| 008 | 250731s2016 en ||||| |||| 00| 0 eng d | ||
| 020 | _a9780745654348 X | ||
| 041 | _aeng | ||
| 080 | _a616.31S-30 | ||
| 100 |
_a Scambler, Jane Sasha _925716 |
||
| 245 |
_aSociology and psychology for the dental team : _ban introduction to key topics / _cSasha Jane Scambler, Suzanne Scott, Koula Asimakopoulou |
||
| 264 |
_aCambridge : _b Polity, _c 2016. |
||
| 300 |
_aviii, 306 pages : _billustrations ; _c25 cm. |
||
| 500 | _aIncludes bibliographical references and index | ||
| 653 | _aDentistry--Social aspects | ||
| 653 | _aDentistry--Psychological aspects | ||
| 653 | _aThe role that the social and behavioural sciences play in the daily practice of dentistry is now an essential part of all dentistry training, but it can often seem distant from the reality of daily clinical | ||
| 653 | _aსტომატოლოგია | ||
| 653 | _aმედიცინა | ||
| 700 |
_aE. Scott, Suzanne _925717 |
||
| 700 |
_aAsimakopoulou, Koula _925718 |
||
| 942 |
_2udc _cBK |
||